Aku mahu

Bibliographic Details
Main Author: Ain Maisarah
Other Authors: Haziq Ridzuan
Format: Book
Published: Selangor : Blink Book Sdn. Bhd. , 2018
Series:Siri aku mahu
Subjects:

MARC

LEADER 00000cam a2200000 7i4500
001 0000081838
005 20190217.0
008 190106
020 |a 9789670411828 
041 0 |a Malay 
090 0 0 |a AIN   |b MAL 
100 0 |a Ain Maisarah 
245 0 0 |a Aku mahu   |c Ain Maisarah, Haziq Ridzuan 
260 |a Selangor :   |b Blink Book Sdn. Bhd. ,   |c 2018 
300 |a 216p. ;   |c 18.9cm. 
490 0 |a Siri aku mahu 
500 |a Teenager ages 13-18 years old (blue) 
541 0 0 |c Purchased on 2018   |f 2018/9 NTR   |h RM15.00 
650 0 |a Malay fiction 
700 0 |a Haziq Ridzuan 
999 |a 0001527686   |b Book   |c Teenagers   |e Cawangan Bandar Tenggara 
999 |a 0001527688   |b Book   |c Teenagers   |e Cawangan Bukit Gambir 
999 |a 0001527689   |b Book   |c Teenagers   |e Cawangan Mersing 
999 |a 0001527690   |b Book   |c Teenagers   |e Cawangan Tmn. Ungku Tun Aminah 
999 |a 0001527691   |b Book   |c Adult Collection   |e Cawangan Bandar Penawar 
999 |a 0001527693   |b Book   |c Children Collection   |e Cawangan Batu Pahat 
999 |a 0001527694   |b Book   |c Teenagers   |e Cawangan Kota Tinggi 
999 |a 0001527695   |b Book   |c Teenagers   |e Cawangan Taman Sri Lambak 
999 |a 0001527696   |b Book   |c Teenagers   |e Cawangan Segamat 
999 |a 0001527697   |b Book   |c Teenagers   |e Cawangan Sri Merlong 
999 |a 0001527698   |b Book   |c Teenagers   |e Cawangan Pontian 
999 |a 0001528856   |b Book   |c Teenagers   |e Perbadanan Perpustakaan Awam Johor 
999 |a 0001528857   |b Book   |c Teenagers   |e Perbadanan Perpustakaan Awam Johor 
999 |a 0001528858   |b Book   |c Teenagers   |e Cawangan Urban Transformation Centre